[Event "Ì17Ï"]
[Site "Loo"]
[Date "2017.04.23"]
[Round "4.6"]
[White "Ïåòðåíêî, Êèðèëë."]
[Black "ßðîñëàâöåâ, Àðòåì."]
[Result "1/2-1/2"]
[WhiteElo "1999"]
[BlackElo "2022"]
[PlyCount "84"]
[EventDate "2017.04.20"]

1. c4 Nf6 2. Nc3 c5 3. g3 Nc6 4. Bg2 g6 5. d3 Bg7 6. e4 O-O 7. Nge2 d6 8. O-O
Rb8 9. h3 a6 10. f4 Nd4 11. Be3 Ne8 12. Qd2 b5 13. cxb5 axb5 14. Bxd4 cxd4 15.
Nd5 Bb7 16. Nb4 Qb6 17. Rac1 f5 18. exf5 Rxf5 19. Nc6 Bxc6 20. Rxc6 Qa7 21. b4
e6 22. Rfc1 Rf8 23. Kh2 Rd8 24. Ng1 Rd7 25. Nf3 Bf6 26. Qb2 Ng7 27. Qb3 Re8 28.
Nd2 d5 29. R6c5 Qb8 30. Qc2 Nf5 31. Rc8 Qxc8 32. Qxc8 Rxc8 33. Rxc8+ Kf7 34. a3
Re7 35. Nb1 Ne3 36. Rc5 Rb7 37. Bf3 Be7 38. Rc6 h5 39. h4 Bd8 40. Nd2 Ra7 41.
Nb3 Nf5 42. Nc5 Ng7 1/2-1/2

[Event "Ì17Ï"]
[Site "Loo"]
[Date "2017.04.23"]
[Round "4.7"]
[White "Øèðøîâ, Íèêîëàé."]
[Black "Ëåâåíøòåéí, Ìàðê."]
[Result "0-1"]
[WhiteElo "1931"]
[BlackElo "2161"]
[PlyCount "62"]
[EventDate "2017.04.20"]

1. Nf3 Nf6 2. c4 g6 3. Nc3 Bg7 4. e4 O-O 5. d4 d6 6. Be2 e5 7. d5 c5 8. Bg5 h6
9. Be3 Ng4 10. Bd2 f5 11. exf5 gxf5 12. h3 Nf6 13. Qc1 Kh7 14. g4 e4 15. Nh4
Nxd5 16. Nxd5 Qxh4 17. g5 Nc6 18. g6+ Kxg6 19. Nf4+ Kh7 20. Rg1 Bd4 21. Be3 Ne5
22. Kd2 Bd7 23. Rg3 Rg8 24. Qg1 b5 25. cxb5 Bxb5 26. Qe1 Bxe2 27. Kxe2 Bxe3 28.
Rxg8 Bxf4 29. Rxa8 Qh5+ 30. Kf1 Qxh3+ 31. Ke2 Qd3# 0-1

[Event "Ì17Ï"]
[Site "Loo"]
[Date "2017.04.23"]
[Round "4.8"]
[White "ßøìåòîâ, Íèêîëàé."]
[Black "Âåòîõèí, Èëüÿ."]
[Result "1-0"]
[WhiteElo "2152"]
[BlackElo "1913"]
[PlyCount "89"]
[EventDate "2017.04.20"]

1. Nf3 Nf6 2. b3 g6 3. Bb2 Bg7 4. g3 O-O 5. Bg2 d6 6. O-O c5 7. c4 Nc6 8. Nc3
Be6 9. Rc1 a6 10. d4 Nxd4 11. Nxd4 cxd4 12. Qxd4 Nd5 13. Qd2 Nxc3 14. Bxc3 Bxc3
15. Rxc3 Qb6 16. h4 Rab8 17. Bf3 Qc5 18. Kg2 h5 19. Rfc1 Rfc8 20. Be4 Kg7 21.
Re3 a5 22. Rcc3 Rc7 23. Qb2 b6 24. Rcd3+ Qe5 25. Qb1 Qf6 26. Rf3 Qe5 27. Rde3
f5 28. Bd5 Bxd5 29. Rxe5 Bxf3+ 30. exf3 dxe5 31. Qb2 Rc5 32. Qd2 Rb7 33. a4
Rbc7 34. Qd8 Kh7 35. Qf8 e6 36. Qd6 R5c6 37. Qxe5 Rd7 38. Qb5 Rdd6 39. Kh3 Rc5
40. Qe8 Rc7 41. Kg2 Kg7 42. Kf1 Rcd7 43. Ke2 Kf6 44. Qf8+ Ke5 45. Qh8+ 1-0

[Event "Ì17Ï"]
[Site "Loo"]
[Date "2017.04.23"]
[Round "4.9"]
[White "Ìîñêâèí, Àíàòîëèé."]
[Black "Êûøòûìîâ, Äàíèèë."]
[Result "1-0"]
[WhiteElo "1952"]
[BlackElo "2082"]
[PlyCount "65"]
[EventDate "2017.04.20"]

1. e4 e6 2. d3 d5 3. Nd2 Nf6 4. Ngf3 g6 5. g3 Bg7 6. Bg2 O-O 7. O-O c5 8. Re1
Nc6 9. Qe2 a5 10. Nf1 b5 11. e5 Nd7 12. Bf4 b4 13. h4 Ba6 14. h5 c4 15. Qe3
cxd3 16. cxd3 Qb6 17. d4 b3 18. a3 Rfc8 19. Bh3 a4 20. Rab1 Na5 21. Bh6 Qd8 22.
Bxg7 Kxg7 23. N1h2 Qf8 24. Ng4 Ra7 25. Kg2 Rc2 26. Ng5 Nc4 27. Qf4 Nxb2 28.
Rxb2 Rxb2 29. Nh6 Bd3 30. Nhxf7 Be4+ 31. Rxe4 Nc5 32. Qf6+ Kg8 33. Qh8# 1-0

[Event "Ì17Ï"]
[Site "Loo"]
[Date "2017.04.23"]
[Round "4.10"]
[White "Íîâèêîâ, Ñåðãåé."]
[Black "Ëèòâèíîâ, Àíòîí."]
[Result "1-0"]
[WhiteElo "2036"]
[BlackElo "1866"]
[PlyCount "63"]
[EventDate "2017.04.20"]

1. d4 d5 2. c4 c6 3. Nf3 Nf6 4. Nc3 e6 5. g3 dxc4 6. Bg2 b5 7. Ne5 Nd5 8. a4
Bb4 9. Qc2 O-O 10. O-O Bxc3 11. bxc3 Bb7 12. Ba3 Re8 13. Rfb1 a6 14. Nxc4 bxc4
15. Rxb7 Nd7 16. e4 N5f6 17. Qa2 Qc8 18. Rab1 c5 19. e5 Nd5 20. Qxc4 cxd4 21.
Bxd5 exd5 22. Qxd5 Nxe5 23. cxd4 Qc6 24. Qxc6 Nxc6 25. d5 Nd4 26. d6 Nf3+ 27.
Kg2 Ne5 28. d7 Red8 29. Be7 Nc6 30. Bxd8 Rxd8 31. Rc7 Ne7 32. Rc8 1-0

[Event "Ì17Ï"]
[Site "Loo"]
[Date "2017.04.23"]
[Round "4.11"]
[White "Ìîðîçîâ, Âàëåðèé."]
[Black "Áóðõàíîâ, Âàñèëèé."]
[Result "1-0"]
[WhiteElo "1836"]
[BlackElo "2026"]
[PlyCount "47"]
[EventDate "2017.04.20"]

1. f4 e5 2. fxe5 d6 3. exd6 Bxd6 4. Nf3 g5 5. g3 g4 6. Nh4 Ne7 7. Nc3 Ng6 8.
Ng2 h5 9. Ne4 f5 10. Nxd6+ Qxd6 11. d4 h4 12. gxh4 Nc6 13. c3 Be6 14. Bg5 Nce7
15. Qd3 O-O-O 16. O-O-O f4 17. e4 f3 18. Ne3 Nxh4 19. d5 Bf7 20. Qd4 Qd7 21.
Qxa7 c6 22. Qa8+ Kc7 23. Bf4+ Kb6 24. Nc4+ 1-0

[Event "Ì17Ï"]
[Site "Loo"]
[Date "2017.04.23"]
[Round "4.12"]
[White "Ìàð÷åíêî, Íèêîëàé."]
[Black "Íóðèñòàíè, Èìàí."]
[Result "1-0"]
[WhiteElo "1862"]
[BlackElo "1998"]
[PlyCount "101"]
[EventDate "2017.04.20"]

1. d4 d5 2. c4 e6 3. Nc3 Nf6 4. cxd5 exd5 5. Bg5 Nbd7 6. e3 c6 7. Bd3 Be7 8.
Qc2 O-O 9. Nge2 Re8 10. O-O Nf8 11. Rae1 Bd7 12. f3 Rc8 13. Bh4 a6 14. Bf2 c5
15. a3 g6 16. Qd2 Ne6 17. dxc5 Bxc5 18. b4 Bd6 19. Bh4 Bc6 20. Bb1 Be7 21. Ba2
g5 22. Bg3 Bd6 23. Rd1 Bxg3 24. Nxg3 Qb6 25. Nf5 Rcd8 26. Qf2 Ng7 27. Nd4 Re7
28. Rfe1 Rde8 29. Rb1 Re5 30. Rbd1 Bd7 31. e4 dxe4 32. fxe4 Ngh5 33. Nf3 Qxf2+
34. Kxf2 R5e7 35. Nxg5 Rc8 36. Rd3 Ng4+ 37. Kg1 Ne5 38. Rde3 h6 39. Nd5 Ree8
40. Nf3 Ng4 41. Rd3 Bb5 42. Rd2 Bc4 43. Bxc4 Rxc4 44. e5 f6 45. h3 Nxe5 46.
Nxe5 fxe5 47. g4 Nf4 48. Nf6+ Kf7 49. Nxe8 Kxe8 50. Rxe5+ Kf7 51. Re3 1-0

[Event "Ì17Ï"]
[Site "Loo"]
[Date "2017.04.23"]
[Round "4.13"]
[White "Íîâèêîâ, Êèðèëë."]
[Black "Àïïàíîâ, Àðòåì."]
[Result "1/2-1/2"]
[WhiteElo "1763"]
[BlackElo "1992"]
[PlyCount "95"]
[EventDate "2017.04.20"]

1. e4 c5 2. Nf3 g6 3. d4 cxd4 4. Nxd4 Nc6 5. Nc3 Bg7 6. Be3 Nf6 7. Bc4 O-O 8.
Bb3 d6 9. f3 Bd7 10. Qd2 Nxd4 11. Bxd4 b5 12. O-O-O a5 13. Nd5 Nxd5 14. Bxd5
Rc8 15. Bxg7 Kxg7 16. e5 dxe5 17. Qe2 Qc7 18. Rhe1 f6 19. f4 Bf5 20. Be4 Bxe4
21. Qxe4 exf4 22. Qxe7+ Rf7 23. Qxc7 Rfxc7 24. Re2 g5 25. Rd5 Rc5 26. Re7+ Kg6
27. Rxc5 Rxc5 28. Ra7 a4 29. Kd2 h5 30. b3 axb3 31. cxb3 Kf5 32. Ra5 Ke4 33.
Ra6 Rf5 34. Re6+ Kd5 35. Rb6 Kc5 36. Re6 f3 37. gxf3 Rxf3 38. a4 Rf2+ 39. Ke3
Rxh2 40. Rxf6 bxa4 41. bxa4 Kb4 42. Rf5 Rg2 43. Kf3 Rg1 44. Kf2 Rg4 45. a5 Kc3
46. a6 Ra4 47. Rxg5 Rxa6 48. Rxh5 1/2-1/2

[Event "Ì17Ï"]
[Site "Loo"]
[Date "2017.04.23"]
[Round "4.14"]
[White "Çàõàðîâ, Íèêèòà."]
[Black "Àéðàïåòÿí, Îãàíåñ."]
[Result "1/2-1/2"]
[WhiteElo "1980"]
[BlackElo "1825"]
[PlyCount "99"]
[EventDate "2017.04.20"]

1. d4 d5 2. Bg5 g6 3. e3 Bg7 4. Nd2 c6 5. c4 Nf6 6. Bxf6 Bxf6 7. Qf3 Bf5 8.
cxd5 cxd5 9. Bb5+ Nc6 10. Ne2 O-O 11. Nc3 Be6 12. O-O Qb6 13. Nb3 a6 14. Bd3
Nb4 15. Bb1 Rac8 16. Nc5 Rxc5 17. Na4 Qd6 18. Nxc5 Bc8 19. a3 Nc6 20. Ba2 Rd8
21. Rac1 e5 22. dxe5 Bxe5 23. Nd3 Bxh2+ 24. Kh1 Ne5 25. Nxe5 Bxe5 26. Bxd5 Qe7
27. g3 b5 28. Rfd1 Kg7 29. e4 h5 30. Qe3 h4 31. f4 hxg3 32. Kg2 Bxb2 33. Rc2
Qxa3 34. Qa7 Rd7 35. Qb8 Bb7 36. Rh1 Kf6 37. Qh8+ Ke7 38. Rxb2 Rxd5 39. Re2 Qd3
40. Qh4+ g5 41. Qg4 Rc5 42. Rhe1 b4 43. fxg5 b3 44. g6 fxg6 45. Qxg6 Rc2 46.
Rxc2 bxc2 47. Qg7+ Kd6 48. Qf8+ Kd7 49. Qf7+ Kd8 50. Qf8+ 1/2-1/2

[Event "Ì17Ï"]
[Site "Loo"]
[Date "2017.04.23"]
[Round "4.15"]
[White "Ñèâÿêîâ, Ãåîðãèé."]
[Black "Êîëõèäîâ, Àçàìàò."]
[Result "1-0"]
[WhiteElo "1959"]
[BlackElo "1712"]
[PlyCount "59"]
[EventDate "2017.04.20"]

1. e4 c5 2. Nf3 g6 3. d4 Bg7 4. c4 cxd4 5. Nxd4 Nf6 6. Bd3 d6 7. O-O O-O 8. Nc3
Nc6 9. Nc2 Bd7 10. Rb1 Rc8 11. b3 a6 12. f4 Ng4 13. Nd5 e6 14. Nde3 Nxe3 15.
Bxe3 Ne7 16. Qf3 d5 17. cxd5 exd5 18. e5 Bf5 19. Bxf5 Nxf5 20. Nd4 Nxd4 21.
Bxd4 Rc6 22. Rbd1 Qd7 23. Bb2 Rd8 24. Rd2 Qe6 25. Rfd1 Rc5 26. a4 Bh6 27. g3 g5
28. f5 Qc6 29. Qh5 Rc2 30. e6 1-0

[Event "Ì17Ï"]
[Site "Loo"]
[Date "2017.04.23"]
[Round "4.16"]
[White "Äàâèäåíêî, Äìèòðèé."]
[Black "Æàôÿðîâ, Àäåëü."]
[Result "1/2-1/2"]
[WhiteElo "1839"]
[BlackElo "2111"]
[PlyCount "80"]
[EventDate "2017.04.20"]

1. e4 e5 2. Nf3 Nf6 3. Nxe5 d6 4. Nd3 Nxe4 5. Qe2 Qe7 6. Nf4 Nf6 7. Nc3 c6 8.
d4 Bg4 9. f3 Qxe2+ 10. Bxe2 Bf5 11. Bd3 Bxd3 12. Nxd3 Na6 13. Bg5 Be7 14. O-O-O
Nd5 15. Rde1 Kd7 16. Bxe7 Nxe7 17. Re4 Rae8 18. Rhe1 Nc7 19. Kd2 Nf5 20. Rxe8
Rxe8 21. Rxe8 Nxe8 22. Ne2 Nh4 23. Ne1 g5 24. g3 Nf5 25. Ng2 Nf6 26. Ne3 Ne7
27. Kd3 d5 28. b3 Ng6 29. c4 Ke6 30. Nc3 h5 31. a4 h4 32. a5 hxg3 33. hxg3 Ne7
34. Na4 Kd6 35. Nc3 a6 36. Ne2 Ke6 37. g4 Ne8 38. f4 f6 39. f5+ Kd6 40. Ng3 Nc8
1/2-1/2

[Event "Ì17Ï"]
[Site "Loo"]
[Date "2017.04.23"]
[Round "4.17"]
[White "Îâñÿíþê, Äìèòðèé."]
[Black "Èäèãîâ, Àáóáàêàð."]
[Result "1-0"]
[WhiteElo "2095"]
[BlackElo "1833"]
[PlyCount "57"]
[EventDate "2017.04.20"]

1. e4 c5 2. Nf3 Nc6 3. d4 cxd4 4. Nxd4 d6 5. c4 Nf6 6. Nc3 g6 7. Be2 Bg7 8. Be3
O-O 9. O-O Bd7 10. f3 Rc8 11. Rc1 Ne5 12. b3 a6 13. Qd2 Qc7 14. Nd5 Nxd5 15.
cxd5 Qb8 16. f4 Ng4 17. Rxc8 Qxc8 18. Bxg4 Bxg4 19. f5 gxf5 20. exf5 Rd8 21. h3
Bxd4 22. Bxd4 Bxf5 23. Qg5+ Bg6 24. Qxe7 Re8 25. Qf6 Kf8 26. Qxd6+ Re7 27. Re1
Qc7 28. Bc5 Qxd6 29. Bxd6 1-0

[Event "Ì17Ï"]
[Site "Loo"]
[Date "2017.04.23"]
[Round "4.18"]
[White "Ðîâíîâ, Âëàäèñëàâ."]
[Black "Ãàâðèê, Àëåêñàíäð."]
[Result "1-0"]
[WhiteElo "2039"]
[BlackElo "1688"]
[PlyCount "98"]
[EventDate "2017.04.20"]

1. e4 c5 2. Nf3 Nc6 3. Bb5 g6 4. Bxc6 bxc6 5. O-O Bg7 6. c3 d5 7. Qe2 Bd7 8. d3
Bg4 9. Nbd2 Nf6 10. h3 Bxf3 11. Nxf3 O-O 12. Rd1 e6 13. c4 d4 14. Bg5 Qc8 15.
Bxf6 Bxf6 16. e5 Bg7 17. Nd2 Qb8 18. Nf3 Qc7 19. Re1 Rab8 20. Rab1 Rb7 21. Nh2
Rfb8 22. h4 Qa5 23. b3 Qd8 24. Qe4 Rb6 25. h5 a5 26. hxg6 hxg6 27. Ra1 Ra8 28.
Ng4 a4 29. bxa4 Rxa4 30. g3 Qg5 31. Qe2 Qf5 32. f4 g5 33. Rf1 Ra3 34. Rad1 Rb4
35. Kg2 Rba4 36. Rd2 Ra6 37. Rf2 Rc3 38. Nh2 gxf4 39. gxf4 Raa3 40. Rf3 Qh5 41.
Nf1 Qg4+ 42. Ng3 Kf8 43. Qe1 Ra6 44. Rf1 Rca3 45. Rff2 Kg8 46. Rb2 R3a4 47.
Rfd2 Bh6 48. Rf2 Bg7 49. Rbd2 Rb4 {äàëåå çàïèñü íåðàçáîð~~èâà} 1-0

[Event "Ì17Ï"]
[Site "Loo"]
[Date "2017.04.23"]
[Round "4.19"]
[White "Íàòàðîâ, Èëüÿ."]
[Black "Ìîèñååâ, Äàíèëà."]
[Result "1-0"]
[WhiteElo "1829"]
[BlackElo "2037"]
[PlyCount "87"]
[EventDate "2017.04.20"]

1. d4 Nf6 2. Nf3 c5 3. c3 b6 4. e3 Bb7 5. Bd3 g6 6. Nbd2 Bg7 7. O-O O-O 8. e4
d6 9. Re1 Nc6 10. d5 Ne5 11. Nxe5 dxe5 12. Qe2 Ne8 13. a4 a6 14. b4 cxb4 15.
cxb4 f5 16. f3 e6 17. Bb2 exd5 18. a5 fxe4 19. fxe4 d4 20. axb6 Qxb6 21. Nc4
Qd8 22. Ra5 Qe7 23. Ba3 Qc7 24. Rc1 Rc8 25. Rc5 Qb8 26. Nb6 Rxc5 27. bxc5 Bc6
28. Bxa6 Nf6 29. Bc4+ Kh8 30. Nd5 Qa8 31. Bb4 Bxd5 32. exd5 Nxd5 33. Bxd5 Qxd5
34. c6 d3 35. Qg4 d2 36. Rd1 Ra8 37. Qd7 Qb5 38. Bxd2 Qb6+ 39. Kh1 Rd8 40. Ba5
Rxd7 41. cxd7 Qxa5 42. d8=Q+ Qxd8 43. Rxd8+ Bf8 44. Rxf8+ 1-0

[Event "Ì17Ï"]
[Site "Loo"]
[Date "2017.04.23"]
[Round "4.20"]
[White "Òðåòüÿêîâ, Ñòåïàí."]
[Black "Ôîìè÷åâ, Èëüÿ."]
[Result "1-0"]
[WhiteElo "1995"]
[BlackElo "1648"]
[PlyCount "73"]
[EventDate "2017.04.20"]

1. d4 d5 2. c4 e6 3. Nc3 Nf6 4. Bg5 Be7 5. Nf3 O-O 6. e3 a6 7. Rc1 Nbd7 8. Qc2
dxc4 9. Bxc4 b5 10. Be2 c5 11. O-O cxd4 12. Nxd4 Bb7 13. Bf3 Bxf3 14. Nxf3 Rc8
15. Qe2 Qa5 16. a3 Nb6 17. Ne4 Nfd5 18. Bxe7 Nxe7 19. Nd6 Rxc1 20. Rxc1 Nbc8
21. Nxc8 Rxc8 22. Rxc8+ Nxc8 23. Qc2 Qd8 24. h3 Ne7 25. Nd4 h6 26. Qc5 Nd5 27.
Kf1 Qb8 28. Qc6 Qa7 29. Ke2 Nb6 30. Qe8+ Kh7 31. Nc6 Qc7 32. Ne7 Qc2+ 33. Kf3
h5 34. Qxf7 Kh6 35. Ng8+ Kg5 36. h4+ Kxh4 37. Qf4# 1-0

[Event "Ì17Ï"]
[Site "Loo"]
[Date "2017.04.23"]
[Round "4.21"]
[White "Çàâüÿëîâ, Íèêèòà."]
[Black "Ìóðòàçèí, Ðèôàò."]
[Result "1-0"]
[WhiteElo "1908"]
[BlackElo "1592"]
[PlyCount "63"]
[EventDate "2017.04.20"]

1. e4 c5 2. Nf3 d6 3. d4 cxd4 4. Nxd4 Nf6 5. Nc3 a6 6. Be2 e6 7. O-O Be7 8. Be3
O-O 9. f4 Qc7 10. Bf3 Nbd7 11. Qe1 Nb6 12. Rd1 Nc4 13. Bc1 Rb8 14. b3 Na5 15.
Bd2 Nc6 16. Nxc6 bxc6 17. Qg3 Kh8 18. e5 Nd7 19. exd6 Bxd6 20. Ne4 Be7 21. Bc3
Nf6 22. Kh1 Ra8 23. Be5 Qb6 24. Nxf6 Bxf6 25. Bxf6 gxf6 26. Qh4 Kg7 27. Be4 Rh8
28. Rf3 Bb7 29. Rg3+ Kf8 30. Qxf6 Rg8 31. Rd7 Rxg3 32. Qxf7# 1-0

[Event "Ì17Ï"]
[Site "Loo"]
[Date "2017.04.23"]
[Round "4.22"]
[White "ßíãóòîâ, Àëåêñåé."]
[Black "Öóðöóìèÿ, Ðóñëàí."]
[Result "1-0"]
[WhiteElo "1883"]
[BlackElo "1548"]
[PlyCount "77"]
[EventDate "2017.04.20"]

1. d4 Nf6 2. c4 c5 3. d5 b5 4. a4 b4 5. b3 g6 6. Bb2 Bg7 7. Nd2 d6 8. Ngf3 O-O
9. e4 Nxe4 10. Bxg7 Nxd2 11. Bxf8 Nxf3+ 12. Qxf3 Qxf8 13. Bd3 Nd7 14. Qe2 Ne5
15. Bc2 Qh6 16. O-O Qf4 17. Rad1 Ng4 18. g3 Qh6 19. f4 Qh3 20. Rd2 e6 21. Be4
Rb8 22. Bf3 exd5 23. Qe8+ Kg7 24. Bxd5 Nh6 25. Re1 Qf5 26. a5 a6 27. Be4 Qf6
28. Red1 Ng4 29. Bf3 Bb7 30. Qxb8 Bxf3 31. Qxd6 Qc3 32. Qd3 Bxd1 33. Rxd1 Qb2
34. Rd2 Qa1+ 35. Kg2 Qxa5 36. Qe2 Nf6 37. Qe5 Qa3 38. Rd6 Qb2+ 39. Kh3 1-0

[Event "Ì17Ï"]
[Site "Loo"]
[Date "2017.04.23"]
[Round "4.23"]
[White "Êîëèåâ, Èðëàí."]
[Black "Ëåâäàíñêèé, Àëåêñåé."]
[Result "0-1"]
[WhiteElo "1739"]
[BlackElo "1859"]
[PlyCount "100"]
[EventDate "2017.04.20"]

1. d4 d5 2. c4 c6 3. Nc3 Nf6 4. Nf3 e6 5. Bg5 h6 6. Bxf6 Qxf6 7. e3 Nd7 8. cxd5
exd5 9. Bd3 Bd6 10. O-O O-O 11. Qc2 Nb6 12. e4 dxe4 13. Nxe4 Qd8 14. Ne5 Bc7
15. Rad1 Nd5 16. Qd2 Ba5 17. Nc3 Nxc3 18. bxc3 Qc7 19. Bb1 c5 20. Qd3 g6 21.
Qe3 cxd4 22. cxd4 Kg7 23. Rc1 Qd8 24. Rfd1 Bb6 25. Nc4 Re8 26. Qg3 Bc7 27. Qc3
Qf6 28. d5 Bg4 29. Qxf6+ Kxf6 30. f3 Bd7 31. Be4 Bf4 32. Rb1 b5 33. Na5 Rac8
34. Nc6 a6 35. Kf2 Bf5 36. g3 Bd6 37. Re1 Bd7 38. Rec1 Kg7 39. Rc2 h5 40. Bd3
h4 41. a4 hxg3+ 42. hxg3 Rh8 43. Kg2 Rh3 44. f4 Bxf4 45. gxf4 Rxd3 46. Rc5 Rxd5
47. Rxd5 Bxc6 48. axb5 Bxd5+ 49. Kg3 Rb8 50. b6 Bc4 0-1

[Event "Ì17Ï"]
[Site "Loo"]
[Date "2017.04.23"]
[Round "4.24"]
[White "Çèñèí, Îëåã."]
[Black "Åãîðîâ, Àëåêñåé."]
[Result "1-0"]
[WhiteElo "1988"]
[BlackElo "1776"]
[PlyCount "134"]
[EventDate "2017.04.20"]

1. e4 c6 2. d4 d5 3. Nc3 dxe4 4. Nxe4 Nd7 5. Bc4 Ngf6 6. Ng5 e6 7. Qe2 Nb6 8.
Bb3 h6 9. N5f3 Be7 10. c3 Qc7 11. Ne5 Bd6 12. Ngf3 O-O 13. O-O c5 14. dxc5 Bxc5
15. Bf4 Nbd5 16. Bxd5 Nxd5 17. Bg3 Qb6 18. Rab1 f6 19. Ng6 Re8 20. Rfd1 Rd8 21.
c4 Ne7 22. Nfh4 Nxg6 23. Nxg6 e5 24. b4 Rxd1+ 25. Qxd1 Bf5 26. Qd5+ Kh7 27. Rd1
Qxb4 28. Nh4 Bc2 29. Rf1 Bb6 30. Kh1 Rd8 31. Qxb7 Qxc4 32. Rg1 Qxa2 33. h3 Qb3
34. Re1 Qd5 35. Qe7 Qd2 36. Rg1 Qd7 37. Qb4 Qe6 38. Rc1 Qb3 39. Qg4 Rd4 40. Qc8
Rc4 41. Qe8 Be4 42. Re1 Qc2 43. f3 Bd3 44. Qd7 Bg6 45. Kh2 Rc7 46. Qg4 h5 47.
Qe6 Qc6 48. Nxg6 Kxg6 49. Qa2 a5 50. f4 Re7 51. fxe5 Bc7 52. Qb1+ f5 53. h4 a4
54. Qb4 Re6 55. Qf4 a3 56. Qg5+ Kh7 57. Rc1 Qd7 58. Qxf5+ Kh8 59. Rxc7 Qxc7 60.
Qxe6 Qc2 61. Qe8+ Kh7 62. Qxh5+ Kg8 63. Qe8+ Kh7 64. Qh5+ Kg8 65. e6 g6 66. Qd5
a2 67. e7+ Kg7 1-0

[Event "Ì17Ï"]
[Site "Loo"]
[Date "2017.04.23"]
[Round "4.25"]
[White "Ïåòðîâñêèé, Àíäðåé."]
[Black "Ñîêîëîâ, Íèêèòà."]
[Result "1/2-1/2"]
[WhiteElo "1780"]
[BlackElo "2049"]
[PlyCount "46"]
[EventDate "2017.04.20"]

1. e4 c5 2. f4 Nc6 3. Nf3 d6 4. Bb5 Bd7 5. Nc3 Nf6 6. O-O e6 7. d3 a6 8. Bxc6
Bxc6 9. Qe1 Qc7 10. a3 O-O-O 11. b4 b5 12. a4 d5 13. axb5 axb5 14. e5 Nd7 15.
bxc5 Bxc5+ 16. d4 Be7 17. Rb1 Qb7 18. Ng5 Rdf8 19. Rf3 h6 20. Nh3 Qb6 21. Nf2
Qa5 22. Qe2 Nb6 23. Nxb5 Nc4 {äàëåå çàïèñü íåðàçáîð~~èâà} 1/2-1/2

[Event "Ì17Ï"]
[Site "Loo"]
[Date "2017.04.23"]
[Round "4.26"]
[White "Âîëêîâ, Ãðèãîðèé."]
[Black "Íàêîíå÷íûé, Èãíàò."]
[Result "0-1"]
[WhiteElo "1651"]
[BlackElo "1977"]
[PlyCount "64"]
[EventDate "2017.04.20"]

1. e4 c5 2. Nf3 d6 3. d4 cxd4 4. Nxd4 Nf6 5. Nc3 a6 6. Be2 Nc6 7. Be3 Bd7 8.
O-O g6 9. h3 Bg7 10. f4 O-O 11. f5 Ne5 12. Qd2 Rc8 13. g4 b5 14. a3 Kh8 15. g5
Nh5 16. Kh2 Nc4 17. Bxc4 Rxc4 18. Nd5 Be5+ 19. Kg2 Ng3 20. Rf3 Nxe4 21. Qd3
Nxg5 22. Bxg5 Rxd4 23. Qxd4 Bxd4 24. Bxe7 Qc8 25. Bxf8 Qxf8 26. Rd1 Be5 27. f6
Bc6 28. c3 Qa8 29. Rfd3 Bxf6 30. Kg1 Be5 31. R1d2 f5 32. Nb4 Be4 0-1

[Event "Ì17Ï"]
[Site "Loo"]
[Date "2017.04.23"]
[Round "4.27"]
[White "Êàðåëîâ, Ïàâåë."]
[Black "Ëåîíîâ, Êèðèëë."]
[Result "1-0"]
[WhiteElo "1969"]
[BlackElo "1755"]
[PlyCount "49"]
[EventDate "2017.04.20"]

1. c4 e6 2. Nc3 Nf6 3. e4 d5 4. e5 Nfd7 5. cxd5 exd5 6. d4 Bb4 7. Qb3 Bxc3+ 8.
bxc3 c6 9. Ba3 Qb6 10. Bd3 Nf8 11. f4 Ne6 12. Ne2 Qxb3 13. axb3 Nd7 14. f5 Nc7
15. Bd6 Kd8 16. O-O Ne8 17. Ba3 Nc7 18. g4 h6 19. h4 Nf8 20. Kg2 Nh7 21. Kg3
Ne8 22. Bc5 a6 23. Bb6+ Nc7 24. c4 dxc4 25. bxc4 1-0

[Event "Ì17Ï"]
[Site "Loo"]
[Date "2017.04.23"]
[Round "4.28"]
[White "Ñåòþêîâ, Ðàäåëü."]
[Black "Öîïàíîâ, Ìèõàèë."]
[Result "1-0"]
[WhiteElo "1916"]
[BlackElo "1586"]
[PlyCount "69"]
[EventDate "2017.04.20"]

1. d4 d5 2. Nf3 Nf6 3. c4 e6 4. Qc2 c6 5. g3 Be7 6. Bg2 O-O 7. O-O Nbd7 8. Rd1
b6 9. b3 Bb7 10. Nc3 Rc8 11. e4 dxe4 12. Nxe4 Nxe4 13. Qxe4 Nf6 14. Qe2 h6 15.
Ne5 Qc7 16. Bf4 Bd6 17. c5 Bxe5 18. Bxe5 Qd8 19. Rac1 Nd5 20. Qg4 Nf6 21. Qh4
Nd7 22. Qe4 Re8 23. b4 Nf6 24. Bxf6 Qxf6 25. b5 e5 26. cxb6 exd4 27. Qf3 Qxf3
28. Bxf3 axb6 29. bxc6 Ba6 30. Rxd4 Re6 31. h4 Bb5 32. c7 Re7 33. Rd8+ Re8 34.
Rxe8+ Bxe8 35. Bb7 1-0

[Event "Ì17Ï"]
[Site "Loo"]
[Date "2017.04.23"]
[Round "4.29"]
[White "Ãîãè÷åâ, Ãåîðãèé."]
[Black "Ìóðàòîâ, Ìàêñèì."]
[Result "1-0"]
[WhiteElo "1869"]
[BlackElo "1581"]
[PlyCount "37"]
[EventDate "2017.04.20"]

1. Nf3 Nf6 2. c4 e6 3. Nc3 d5 4. d4 c6 5. e3 Be7 6. Be2 O-O 7. O-O Nbd7 8. a3
Re8 9. Qc2 dxc4 10. Bxc4 Bf8 11. Rd1 Qc7 12. Ba2 e5 13. Ng5 Re7 14. Qb3 Nb6 15.
Nf3 Be6 16. Qc2 Bxa2 17. Nxa2 c5 18. Nxe5 Nfd5 19. b4 {
äàëåå çàïèñü íåðàçáîð~~èâà} 1-0

[Event "Ì17Ï"]
[Site "Loo"]
[Date "2017.04.23"]
[Round "4.30"]
[White "Ñàòäàðîâ, Ìèõàèë."]
[Black "Ôîøåíêî, Êèðèëë."]
[Result "1-0"]
[WhiteElo "1496"]
[BlackElo "1849"]
[PlyCount "89"]
[EventDate "2017.04.20"]

1. e4 e6 2. d4 d5 3. Nd2 Nf6 4. e5 Nfd7 5. c3 c5 6. Bd3 Nc6 7. Ne2 Rb8 8. a4 a6
9. Nf3 b5 10. axb5 axb5 11. O-O Be7 12. Be3 Qb6 13. Ng3 b4 14. Qc1 bxc3 15.
bxc3 cxd4 16. cxd4 Nb4 17. Be2 O-O 18. Bd2 f6 19. Bxb4 Bxb4 20. exf6 Rxf6 21.
Nh5 Rh6 22. Qg5 Rg6 23. Qe3 Be7 24. Bd3 Rh6 25. Rab1 Qd6 26. Rxb8 Qxb8 27. Rb1
Qd6 28. Ng3 Bh4 29. Nxh4 Rxh4 30. Re1 Nf6 31. f3 Qb4 32. Rc1 Bd7 33. Ne2 Qb2
34. Rb1 Qa2 35. Nf4 Kf7 36. Rb7 Qa1+ 37. Bf1 Qa4 38. Qxe6+ Kf8 39. Qd6+ Kf7 40.
Qe6+ Kf8 41. Rb8+ Ne8 42. Qd6+ Kf7 43. Qxd5+ Kf8 44. Qc5+ Kg8 45. Bc4+ 1-0

[Event "Ì17Ï"]
[Site "Loo"]
[Date "2017.04.23"]
[Round "4.31"]
[White "Íèêèòèí, Ãåîðãèé."]
[Black "Ìàòóùàê, Äàíèèë."]
[Result "1-0"]
[WhiteElo "1847"]
[BlackElo "1291"]
[PlyCount "101"]
[EventDate "2017.04.20"]

1. d4 Nf6 2. c4 e6 3. Nc3 b6 4. e4 Bb7 5. Bd3 Bb4 6. Qc2 d6 7. Nf3 c5 8. a3
Bxc3+ 9. bxc3 cxd4 10. cxd4 d5 11. cxd5 exd5 12. e5 Ne4 13. O-O O-O 14. Be3 Na6
15. Qe2 Nc7 16. Nd2 f5 17. f3 Ng5 18. Bxg5 Qxg5 19. f4 Qe7 20. Rf3 Ne6 21. Qf2
Rac8 22. Nf1 Rc3 23. Qb2 Rfc8 24. Bxf5 Rxf3 25. Bxe6+ Qxe6 26. gxf3 Qf5 27. Qd2
Rf8 28. Kf2 Qxf4 29. Qxf4 Rxf4 30. Ke3 Rf8 31. Rc1 Rc8 32. Rxc8+ Bxc8 33. Kf4
Kf7 34. Ne3 Be6 35. Kg5 b5 36. f4 g6 37. Kh6 a5 38. Kxh7 b4 39. axb4 axb4 40.
Nd1 b3 41. h4 Bf5 42. Kh6 Ke6 43. Kg5 Bc2 44. Nb2 Be4 45. Na4 Bc2 46. Nc5+ Ke7
47. Nxb3 Bxb3 48. Kxg6 Bc2+ 49. f5 Ba4 50. f6+ Ke6 51. f7 1-0

[Event "Ì17Ï"]
[Site "Loo"]
[Date "2017.04.23"]
[Round "4.33"]
[White "Ìèøèí, Ñàâåëèé."]
[Black "Ãåòüìàí, Äìèòðèé."]
[Result "0-1"]
[WhiteElo "1377"]
[BlackElo "1863"]
[PlyCount "72"]
[EventDate "2017.04.20"]

1. c4 c5 2. Nf3 Nc6 3. d4 cxd4 4. Nxd4 Nf6 5. Nc3 Nxd4 6. Qxd4 d6 7. e4 Bd7 8.
f3 Bc6 9. Be3 g6 10. Be2 Bg7 11. O-O O-O 12. Qd2 Qc7 13. Rac1 b6 14. Rfd1 Nd7
15. Nd5 Qd8 16. b3 Nf6 17. Rc2 Bb7 18. Bf1 Rc8 19. Nc3 Nd7 20. Nb5 a6 21. Nc3
f5 22. exf5 Rxf5 23. Qf2 Qf8 24. Bd3 Rf7 25. Nd5 b5 26. Be4 Nc5 27. Bxc5 Rxc5
28. cxb5 e6 29. bxa6 Rxc2 30. Qxc2 Bxd5 31. Bxd5 exd5 32. Rxd5 Be5 33. Qc4 Qh6
34. a7 Qe3+ 35. Kf1 Qxa7 36. b4 Kg7 0-1

[Event "Ì17Ï"]
[Site "Loo"]
[Date "2017.04.23"]
[Round "4.34"]
[White "Ïîëòîðàöêèé, Àëåêñàíäð."]
[Black "Äîáðûíèí, ßðîñëàâ."]
[Result "1-0"]
[WhiteElo "1857"]
[BlackElo "1662"]
[PlyCount "105"]
[EventDate "2017.04.20"]

1. d4 Nf6 2. Nf3 e6 3. b3 d5 4. Bb2 Nbd7 5. Nbd2 Be7 6. e3 O-O 7. Bd3 c5 8. O-O
b6 9. Qe2 Bb7 10. Ne5 Nxe5 11. dxe5 Nd7 12. e4 d4 13. f4 Rc8 14. Rae1 Qc7 15.
a4 Rfe8 16. Rf3 f6 17. exf6 Bxf6 18. Bc1 e5 19. f5 Bg5 20. Nf1 Bxc1 21. Rxc1
Nf6 22. Rh3 Bc6 23. Ng3 Rf8 24. Nh5 Be8 25. Nxf6+ Rxf6 26. Kh1 Kh8 27. Rg1 g6
28. g4 g5 29. Qd2 Qg7 30. Ra1 Rh6 31. Qg2 Bd7 32. Qg3 Rxh3 33. Qxh3 Rc6 34. Qg3
Rh6 35. Rf1 Qf6 36. Kg2 Bc6 37. Re1 Qe7 38. Bf1 Qd6 39. Qd3 Rh4 40. h3 Rh6 41.
Kf3 Qe7 42. Qc4 Qf6 43. Qa6 Qe7 44. Qc8+ Kg7 45. Bc4 Be8 46. Kg2 Qd7 47. Qb8
Qe7 48. Be6 Kf6 49. Kg3 Rh4 50. Ra1 Bc6 51. a5 b5 52. a6 Bxe4 53. Re1 1-0